შუა საუკუნეების ფილოსოფიის ისტორიის პრობლემები : (ბიბ.ჩანაწერი № 37884)
[ მარტივი ფორმატი ]
| 000 -ლიდერი | |
|---|---|
| ფიქსირებული სიგრძის საკონტროლო ველი | 01508nam a2200253Ia 4500 |
| 001 - საკონტროლო ნომერი | |
| საკონტროლო ველი | 3862 |
| 003 - საკონტროლო ნომრის იდენტიფიკატორი | |
| საკონტროლო ველი | GE_BSU |
| 005 - ბოლო ოპერაციის თარიღი და დრო | |
| საკონტროლო ველი | 20221006145706.0 |
| 008 - ფიქსირებული სიგრძის მონაცემთა ელემენტები - ზოგადი ინფორმაცია | |
| ფიქსირებული სიგრძის საკონტროლო ველი | 181216s1981||||ge |||||||||||||| ||geo|| |
| 040 ## - კატალოგიზაციის წყარო | |
| Transcribing agency | GE_BSU |
| 041 ## - ენის კოდი | |
| Language code of text/sound track or separate title | geo |
| 080 ## - უნივერსალური ათობითი კლასიფიკაციის ინდექსი | |
| Universal Decimal Classification number | 1,,653''(091) შ–93 |
| 245 ## - ცნობა სათაურის შესახებ | |
| Title | შუა საუკუნეების ფილოსოფიის ისტორიის პრობლემები : |
| Remainder of title | ნაწ. 1 / |
| Statement of responsibility, etc | რ. გორდეზიანი , გ. თევზაძე, მ. მაჭავარიანი და სხვ. ; თსუ, ფილოსოფიის ისტორიის კათედრა. |
| 264 ## - წარმოების, გამოცემის, დისტრიბუციის და სხვა ცნობები | |
| გამოცემის, წარმოების, დისტრიბუციის... ადგილი | თბილისი : |
| გამოცემის, წარმოების, დისტრიბუციის... სახელწოდება | თსუ, |
| გამოცემის, წარმოების, დისტრიბუციის... თარიღი | 1981. |
| 300 ## - ფიზიკური აღწერა | |
| Extent | 253 გვ.; |
| Other physical details | 22 სმ. |
| 504 ## - BIBLIOGRAPHY, ETC. NOTE | |
| Bibliography, etc | ლიტ. სია: გვ. 242-246 (161 სხწ.). პირთა საძიებელი: გვ. 247-252. |
| 653 ## - INDEX TERM--UNCONTROLLED | |
| Uncontrolled term | შუა საუკუნეების ფილოსოფიის ისტორია |
| 653 ## - INDEX TERM--UNCONTROLLED | |
| Uncontrolled term | არაბული ფილოსოფია |
| 700 ## - ADDED ENTRY--PERSONAL NAME | |
| Personal name | გორდეზიანი, რ. |
| Relator term | ავტორი |
| 9 (RLIN) | 15109 |
| 700 ## - ADDED ENTRY--PERSONAL NAME | |
| Personal name | თევზაძე, გ. |
| Relator term | ავტორი |
| 9 (RLIN) | 15110 |
| 700 ## - ADDED ENTRY--PERSONAL NAME | |
| Personal name | მაჭავარიანი, მ. |
| Relator term | ავტორი |
| 9 (RLIN) | 7310 |
| 710 ## - ADDED ENTRY--CORPORATE NAME | |
| Corporate name or jurisdiction name as entry element | თბილისის სახელმწიფო უნივერსიტეტი |
| Subordinate unit | ფილოსოფიის ისტორიის კათედრა. |
| 9 (RLIN) | 15111 |
| 942 ## - ADDED ENTRY ELEMENTS (KOHA) | |
| Koha item type | წიგნი |
| Source of classification or shelving scheme | |
| ჩამოწერის სტატუსი | დაკარგული ეგზემპლარის სტატუსი | კლასიფიკაციის წყარო ან თაროზე გაწყობის სქემა | დაზიანების სტატუსი | არ გაიცემა | მუდმივი მდებარეობა (დაცვის ადგილი) | ამჟამინდელი ადგილსამყოფელი | თაროზე განთავსების ადგილი | შეძენის თარიღი | სრული შენახვის შიფრი | შტრიხკოდი | ბოლო ოპერაციის თარიღი | ეგზემპლარის მიმდევრობითი ნომერი (კეტერი?) | ფასის ძალაში შესვლის თარიღი | ეგზემპლარის სახეობა | საჯარო შენიშვნა |
|---|---|---|---|---|---|---|---|---|---|---|---|---|---|---|---|
| ბათუმის შოთა რუსთაველის სახელმწიფო უნივერსიტეტის მთავარი ბიბლიოთეკა | ბათუმის შოთა რუსთაველის სახელმწიფო უნივერსიტეტის მთავარი ბიბლიოთეკა | წიგნსაცავი | 2018-12-17 | 1,,653''(091) შ–93 | 5397 | 2018-12-17 | 5397 | 2018-12-17 | წიგნი | 3 ლ. |
